Oceania report (Record no. 112948)

MARC details
000 -LEADER
fixed length control field 01190cad a22002775a 4500
001 - CONTROL NUMBER
control field L154355
008 - FIXED-LENGTH DATA ELEMENTS--GENERAL INFORMATION
fixed length control field 111117s2011 xxk f 000 a0eng d
035 ## - SYSTEM CONTROL NUMBER
System control number (Sirsi) u154355
041 0# - LANGUAGE CODE
Language code of text/sound track or separate title eng
050 04 - LIBRARY OF CONGRESS CALL NUMBER
Classification number 338.4369 $2 18
110 2# - MAIN ENTRY--CORPORATE NAME
Corporate name or jurisdiction name as entry element Rider Levett Bucknall
9 (RLIN) 5520
245 00 - TITLE STATEMENT
Title Oceania report
Remainder of title construction market intelligence, fourth quarter 2011
Medium [electronic resource]
260 3# - PUBLICATION, DISTRIBUTION, ETC.
Place of publication, distribution, etc. [S.l.]
Name of publisher, distributor, etc. RLB
Date of publication, distribution, etc. 2011
490 #0 - SERIES STATEMENT
Series statement RLB Oceania Report
Volume/sequential designation Construction Market Intelligence, November 2011
520 ## - SUMMARY, ETC.
Summary, etc. The Rider Levett Bucknall Oceania Report provides detailed construction market intelligence and data about Australia and New Zealand. The Report is supplemented by a bi-annual International Report, quarterly NZ Forecast and Riders Digest.
521 ## - TARGET AUDIENCE NOTE
Target audience note Advanced
590 ## - LOCAL NOTE (RLIN)
Local note KA NTK
650 24 - SUBJECT ADDED ENTRY--TOPICAL TERM
Topical term or geographic name entry element RLB INTERNATIONAL REPORT
651 #4 - SUBJECT ADDED ENTRY--GEOGRAPHIC NAME
Geographic name Oceania
651 #4 - SUBJECT ADDED ENTRY--GEOGRAPHIC NAME
Geographic name Australia
651 #4 - SUBJECT ADDED ENTRY--GEOGRAPHIC NAME
Geographic name New Zealand
Chronological subdivision 1947-
690 ## - LOCAL SUBJECT ADDED ENTRY--TOPICAL TERM (OCLC, RLIN)
Topical term or geographic name as entry element BUILT ENVIRONMENT-BUILDING COSTS
690 ## - LOCAL SUBJECT ADDED ENTRY--TOPICAL TERM (OCLC, RLIN)
Topical term or geographic name as entry element BUILT ENVIRONMENT-CONSTRUCTION MARKET
856 40 - ELECTRONIC LOCATION AND ACCESS
Uniform Resource Identifier <a href="https://www.rlb.com/rlb.com/pdf/research/RLB_Oceania_Report_Fourth_Quarter_2011.pdf">https://www.rlb.com/rlb.com/pdf/research/RLB_Oceania_Report_Fourth_Quarter_2011.pdf</a>
Public note View the item free of charge (PDF file) at www.rlb.com
942 ## - ADDED ENTRY ELEMENTS (KOHA)
Suppress in OPAC 0
Holdings
Withdrawn status Lost status Source of classification or shelving scheme Damaged status Not for loan Home library Current library Shelving location Date acquired Total Checkouts Full call number Barcode Date last seen Copy number Price effective from Koha item type
    Dewey Decimal Classification     Virtual Virtual Online 17/11/2011   ONLINE PUBLICATION 154355-2001 06/08/2019 1 06/08/2019 Book